000 00960nam a2200277 a 4500
001 BRL_1601
005 20190320211301.0
008 100414s1978----u--aob####---#000-0#eng-#
020 _a081092160X
041 _aeng
044 _au
050 4 _aF1221.H8
_b.A78 1978
245 1 0 _aArt of the Huichol indians
_cwith contibutions by Lowell John Bean...[et al.] ; introduced and edited by Kathleen Berrin ; preface by Thomas K. Seligman.
260 _aNew York
_bThe Fine Arts Museums of San Francisco : Harry N. Abrams
_c1978
300 _a212 p.
_bil., fotografías, mapas
_c28 cm.
500 _aAu898
504 _aBibliografía: p. 207 - 209
650 1 4 _aHuicholes
_xArte
_925542
650 1 4 _aIndígenas de México
_xArte
_919546
700 1 _aBean, Lowell John
_927408
700 1 _aBerrin, Kathleen
_eed.
_927409
700 1 _aSeligman, Thomas K.
_927410
710 2 _aFine Arts Museums of San Francisco
_923053
902 _aGRL
942 _2lcc
_cB
999 _c10410
_d10410